[Event "Enschede op-A"]
[Site "Enschede"]
[Date "2022.08.09"]
[Round "3"]
[White "Kien, Clovis"]
[Black "Hubers, Daan"]
[Result "0-1"]
[WhiteElo "1803"]
[BlackElo "1817"]
[PlyCount "76"]
[EventDate "2022.08.08"]
[EventType "swiss"]
[EventRounds "9"]
[EventCountry "NED"]
[SourceTitle "CBM 209 Extra"]
[Source "ChessBase"]
[SourceDate "2022.09.30"]
[SourceVersion "1"]
[SourceVersionDate "2022.09.30"]
[SourceQuality "1"]

1. d4 d5 2. c4 e6 3. Nf3 Nf6 4. e3 Nbd7 5. Nc3 c6 6. Bd3 dxc4 7. Bxc4 c5 8. 0-0 a6 9. Qe2 b5 10. Bd3 Bb7 11. Rd1 c4 12. Bc2 b4 13. Na4 Rc8 14. e4 Be7 15. d5 exd5 16. e5 Ne4 17. e6 fxe6 18. Bxe4 dxe4 19. Nd4 Bf6 20. Qg4 Bxd4 21. Rxd4 Bd5 22. Bg5 Nf6 23. Bxf6 gxf6 24. Qg7 Rf8 25. Qxh7 Qa5 26. Qh5+ Ke7 27. Rxe4 Rh8 28. Rxe6+ Kxe6 29. Qg4+ Kd6 30. Qf4+ Ke7 31. Re1+ Be6 32. Qe4 Qe5 33. Qb7+ Qc7 34. Qxa6 Qxh2+ 35. Kf1 Qd6 36. Qb7+ Rc7 37. Rxe6+ Kxe6 38. Qe4+ Kf7 0-1

[Event "NED-ch U16"]
[Site "Almelo"]
[Date "2021.08.06"]
[Round "6"]
[White "Slagboom, Leandro"]
[Black "Kien, Clovis"]
[Result "1-0"]
[WhiteElo "1996"]
[BlackElo "1683"]
[PlyCount "49"]
[EventDate "2021.08.01"]
[EventType "swiss"]
[EventRounds "7"]
[EventCountry "NED"]
[SourceTitle "EXT 2022"]
[Source "ChessBase"]
[SourceDate "2021.10.06"]
[SourceVersion "1"]
[SourceVersionDate "2021.10.06"]
[SourceQuality "1"]

1. c4 Nf6 2. Nc3 g6 3. g3 Bg7 4. Bg2 0-0 5. d4 d6 6. Nf3 Nc6 7. 0-0 e5 8. dxe5 dxe5 9. Bg5 Be6 10. Qc1 Bxc4 11. Nd2 Ba6 12. Nde4 Nd4 13. Re1 c6 14. e3 Ne6 15. Bxf6 Bxf6 16. Rd1 Nd4 17. exd4 exd4 18. Nxf6+ Qxf6 19. Ne4 Qg7 20. Nc5 Rac8 21. Nxa6 bxa6 22. Qc5 Rfd8 23. Rd3 f5 24. Rad1 Re8 25. Rxd4 1-0

[Event "EU-ch U14"]
[Site "Bratislava"]
[Date "2019.08.09"]
[Round "8"]
[White "Kien, Clovis"]
[Black "Nezval, Filip1"]
[Result "1/2-1/2"]
[WhiteElo "1710"]
[BlackElo "1874"]
[PlyCount "52"]
[EventDate "2019.08.02"]
[EventType "swiss"]
[EventRounds "9"]
[EventCountry "SVK"]
[SourceTitle "EXT 2020"]
[Source "ChessBase"]
[SourceDate "2019.10.17"]
[SourceVersion "1"]
[SourceVersionDate "2019.10.17"]
[SourceQuality "1"]

1. e4 e5 2. Nf3 Nc6 3. Bc4 Be7 4. 0-0 d6 5. d3 Be6 6. Bb3 Nf6 7. c3 0-0 8. Nbd2 Nd7 9. Re1 Bxb3 10. Nxb3 f5 11. exf5 Rxf5 12. d4 Rf7 13. d5 Ncb8 14. Nbd2 h6 15. Ne4 Nf6 16. Ng3 Nbd7 17. c4 Nh7 18. Ne4 b6 19. Qc2 Nc5 20. b4 Nxe4 21. Qxe4 a5 22. b5 Bg5 23. Ba3 Be7 24. Bc1 Bg5 25. Ba3 Be7 26. Bc1 Bg5 1/2-1/2

[Event "EU-ch U14"]
[Site "Bratislava"]
[Date "2019.08.08"]
[Round "7"]
[White "Cagil, Celal Yavuz"]
[Black "Kien, Clovis"]
[Result "0-1"]
[WhiteElo "1096"]
[BlackElo "1710"]
[PlyCount "94"]
[EventDate "2019.08.02"]
[EventType "swiss"]
[EventRounds "9"]
[EventCountry "SVK"]
[SourceTitle "EXT 2020"]
[Source "ChessBase"]
[SourceDate "2019.10.17"]
[SourceVersion "1"]
[SourceVersionDate "2019.10.17"]
[SourceQuality "1"]

1. e4 c5 2. Nf3 Nc6 3. d4 cxd4 4. Nxd4 e5 5. Nb3 Bb4+ 6. Bd2 Bxd2+ 7. Qxd2 d6 8. Bc4 Qh4 9. Nc3 Nf6 10. g3 Qg4 11. Be2 Qg6 12. Qxd6 a6 13. Nd5 Nxd5 14. Qxg6 hxg6 15. exd5 Nb4 16. 0-0-0 Bf5 17. c3 Nxa2+ 18. Kd2 Be4 19. f3 Bxd5 20. Kc2 Rc8 21. Na5 Rc5 22. Nc4 Bxc4 23. Bxc4 Rxc4 24. Kb3 Nxc3 25. bxc3 Rc6 26. Rd2 Ke7 27. Re1 f6 28. f4 Ke6 29. g4 Rh3 30. f5+ gxf5 31. gxf5+ Kxf5 32. Rc1 e4 33. Rd4 Kf4 34. Rf1+ Rf3 35. Rc1 g5 36. Rd7 Re6 37. Rcd1 e3 38. R1d4+ Re4 39. Re7 Rxd4 40. cxd4 e2+ 41. Kc2 Re3 42. Rxe3 Kxe3 43. d5 e1Q 44. d6 Qd2+ 45. Kb3 Qd3+ 46. Ka4 Qc3 47. d7 b5# 0-1

[Event "EU-ch U14"]
[Site "Bratislava"]
[Date "2019.08.06"]
[Round "5"]
[White "Davidov, Lazar"]
[Black "Kien, Clovis"]
[Result "0-1"]
[WhiteElo "1652"]
[BlackElo "1710"]
[PlyCount "63"]
[EventDate "2019.08.02"]
[EventType "swiss"]
[EventRounds "9"]
[EventCountry "SVK"]
[SourceTitle "EXT 2020"]
[Source "ChessBase"]
[SourceDate "2019.10.17"]
[SourceVersion "1"]
[SourceVersionDate "2019.10.17"]
[SourceQuality "1"]

1. d4 d5 2. Nf3 Nf6 3. e3 c5 4. c3 Nbd7 5. Bd3 g6 6. 0-0 Bg7 7. c4 cxd4 8. Nxd4 Ne5 9. cxd5 Nxd3 10. Qxd3 Nxd5 11. Qb5+ Qd7 12. Qxd7+ Bxd7 13. Bd2 0-0 14. a3 Rac8 15. Nc3 Nb6 16. Nce2 e5 17. Nf3 Rc2 18. Ng3 e4 19. Nxe4 Bc6 20. Ne1 Rxb2 21. Bc3 Bxe4 22. Bxb2 Bxb2 23. Rd1 Bxa3 24. Nf3 Rc8 25. Ra1 Nc4 26. Rfd1 Bxf3 27. gxf3 b5 28. Rd7 a5 29. Rd3 b4 30. Kf1 a4 31. Ke2 b3 32. Kd1 0-1

[Event "Paris ChessMates 3rd"]
[Site "Paris"]
[Date "2019.03.31"]
[Round "5.2"]
[White "Kien, Clovis"]
[Black "Weersing, Abigail Riis"]
[Result "1-0"]
[WhiteElo "1657"]
[BlackElo "1573"]
[PlyCount "77"]
[EventDate "2019.03.29"]
[EventType "team-tourn"]
[EventRounds "5"]
[EventCountry "FRA"]
[SourceTitle "CBM 189 Extra"]
[Source "ChessBase"]
[SourceDate "2019.05.31"]
[SourceVersion "1"]
[SourceVersionDate "2019.05.31"]
[SourceQuality "1"]
[WhiteTeam "Idf Team"]
[BlackTeam "England"]
[WhiteTeamCountry "FRA"]
[BlackTeamCountry "ENG"]

1. d4 Nf6 2. c4 e6 3. Nc3 d5 4. Nf3 Nbd7 5. e3 a6 6. c5 g6 7. b4 c6 8. a4 b6 9. Rb1 Qc7 10. Bd3 bxc5 11. bxc5 e5 12. Bc2 e4 13. Nd2 Bh6 14. Nb3 a5 15. f3 0-0 16. fxe4 dxe4 17. Bxe4 Ba6 18. Bd3 Bxd3 19. Qxd3 Ng4 20. e4 Bxc1 21. Nxc1 Rab8 22. Nb3 Rfd8 23. Qf3 h5 24. h3 Ngf6 25. 0-0 Rf8 26. d5 cxd5 27. exd5 Nh7 28. d6 Qc8 29. Nd5 Qa6 30. c6 Ne5 31. Ne7+ Kg7 32. Qd5 Nc4 33. Nc5 Qa7 34. Qxc4 Rbd8 35. Rb7 Qa8 36. d7 Ng5 37. Qd4+ Kh7 38. c7 Rxd7 39. Qxd7 1-0

[Event "Paris ChessMates 3rd"]
[Site "Paris"]
[Date "2019.03.30"]
[Round "3.1"]
[White "Avetisyan, Gagik1"]
[Black "Kien, Clovis"]
[Result "0-1"]
[WhiteElo "1474"]
[BlackElo "1657"]
[PlyCount "54"]
[EventDate "2019.03.29"]
[EventType "team-tourn"]
[EventRounds "5"]
[EventCountry "FRA"]
[SourceTitle "CBM 189 Extra"]
[Source "ChessBase"]
[SourceDate "2019.05.31"]
[SourceVersion "1"]
[SourceVersionDate "2019.05.31"]
[SourceQuality "1"]
[WhiteTeam "Ireland"]
[BlackTeam "Idf Team"]
[WhiteTeamCountry "IRL"]
[BlackTeamCountry "FRA"]

1. d4 Nf6 2. c4 g6 3. Nc3 Bg7 4. e4 d6 5. Nf3 0-0 6. Be2 e5 7. d5 Nh5 8. Bg5 f6 9. Bh4 Nf4 10. Bf1 a5 11. Nd2 Qe8 12. f3 f5 13. Bg3 Qe7 14. a3 Qg5 15. Bxf4 exf4 16. Qc2 Qh4+ 17. Kd1 Bd7 18. b3 Na6 19. Kc1 Nb4 20. axb4 Qe1+ 21. Kb2 Bxc3+ 22. Kxc3 Qxa1+ 23. Kd3 axb4 24. Ke2 Qc3 25. Kd1 Ra1+ 26. Nb1 Rfa8 27. Bd3 Rxb1+ 0-1

[Event "Paris ChessMates 3rd"]
[Site "Paris"]
[Date "2019.03.30"]
[Round "4.2"]
[White "Catalan, Ciro"]
[Black "Kien, Clovis"]
[Result "0-1"]
[WhiteElo "1599"]
[BlackElo "1657"]
[PlyCount "74"]
[EventDate "2019.03.29"]
[EventType "team-tourn"]
[EventRounds "5"]
[EventCountry "FRA"]
[SourceTitle "CBM 189 Extra"]
[Source "ChessBase"]
[SourceDate "2019.05.31"]
[SourceVersion "1"]
[SourceVersionDate "2019.05.31"]
[SourceQuality "1"]
[WhiteTeam "Rotterdam Pathena"]
[BlackTeam "Idf Team"]
[WhiteTeamCountry "NED"]
[BlackTeamCountry "FRA"]

1. d4 Nf6 2. c4 g6 3. Nf3 Bg7 4. Nc3 d6 5. e4 0-0 6. g3 e5 7. Bg2 Nc6 8. d5 Ne7 9. 0-0 Nd7 10. Ne1 f5 11. Nd3 Nf6 12. f4 Nxe4 13. Nxe4 fxe4 14. Bxe4 Bf5 15. Bxf5 Nxf5 16. fxe5 dxe5 17. Nc5 Nd4 18. Ne4 Qd7 19. Bd2 Rxf1+ 20. Qxf1 Rf8 21. Qg2 Qf5 22. Kh1 Nf3 23. Qe2 Nxd2 24. Nxd2 Qc2 25. Qe3 Qxb2 26. Rb1 Qxa2 27. Rxb7 e4 28. Rxa7 Qb2 29. Rxc7 Bd4 30. Qh6 Qc1+ 31. Kg2 Rf2+ 32. Kh3 Rxh2+ 33. Kxh2 Qg1+ 34. Kh3 Qh1+ 35. Kg4 Qxh6 36. d6 Qh5+ 37. Kf4 Qf5# 0-1

[Event "EU-ch U12 27th"]
[Site "Mamaia"]
[Date "2017.09.08"]
[Round "4"]
[White "Voicu, Teodor Mihnea"]
[Black "Kien, Clovis"]
[Result "0-1"]
[WhiteElo "1729"]
[BlackElo "1509"]
[PlyCount "70"]
[EventDate "2017.09.05"]
[EventType "swiss"]
[EventRounds "9"]
[EventCountry "ROU"]
[SourceTitle "CBM 180 Extra"]
[Source "ChessBase"]
[SourceDate "2017.10.06"]
[SourceVersion "1"]
[SourceVersionDate "2017.10.06"]
[SourceQuality "1"]

1. e4 e5 2. Nf3 Nc6 3. Bc4 Bc5 4. 0-0 Nf6 5. d3 d6 6. h3 h6 7. Nc3 a6 8. Be3 Bxe3 9. fxe3 Na5 10. Bb3 Nxb3 11. axb3 0-0 12. d4 Qe7 13. Qd3 Bd7 14. Rfe1 Rad8 15. Rad1 Bc6 16. Re2 Kh8 17. Rde1 Nh7 18. Qd2 f5 19. d5 fxe4 20. Nxe4 Bd7 21. Rf2 Qe8 22. Kh2 Qg6 23. Ng3 Rf7 24. Nh4 Qg5 25. Rxf7 Qxh4 26. Ref1 Ng5 27. Rf8+ Rxf8 28. Rxf8+ Kh7 29. Qf2 a5 30. c4 b6 31. Qc2+ e4 32. Qf2 Bg4 33. Rf4 h5 34. Nxe4 Qxf2 35. Nxf2 Bd7 0-1

[Event "EU-ch U12 26th"]
[Site "Prague"]
[Date "2016.08.25"]
[Round "7"]
[White "Wolaniecki, Patryk"]
[Black "Kien, Clovis"]
[Result "1-0"]
[WhiteElo "1669"]
[BlackElo "1336"]
[PlyCount "95"]
[EventDate "2016.08.18"]
[EventType "swiss"]
[EventRounds "9"]
[EventCountry "CZE"]
[SourceTitle "CBM 174 Extra"]
[Source "ChessBase"]
[SourceDate "2016.10.10"]
[SourceVersion "1"]
[SourceVersionDate "2016.10.10"]
[SourceQuality "1"]

1. e4 Nf6 2. e5 Nd5 3. c4 Nb6 4. d4 d6 5. exd6 cxd6 6. Nc3 Nc6 7. Be3 g6 8. Rc1 Bg7 9. b3 0-0 10. d5 Ne5 11. Be2 Ned7 12. Nf3 Nf6 13. 0-0 Nbd7 14. Nd4 Ne5 15. h3 Qa5 16. Na4 Bd7 17. f4 Bxa4 18. fxe5 dxe5 19. bxa4 exd4 20. Bxd4 Bh6 21. Rb1 Ne4 22. Bd3 Nd2 23. Rb5 Qc7 24. Rf2 a6 25. Rb4 Rfd8 26. Rxd2 Bxd2 27. Qxd2 Rd7 28. Qh6 e5 29. Be3 Re8 30. Qh4 Qa5 31. Qe1 Qc7 32. Qf2 Kg7 33. Bb6 Qd6 34. Bc5 Qf6 35. Qxf6+ Kxf6 36. Rb6+ Kg7 37. a5 Rc8 38. Ba3 f6 39. Kf2 Kf7 40. g4 Rcc7 41. Ke3 Rc8 42. Ke4 Rcc7 43. c5 Rd8 44. Bc2 Rdd7 45. Ba4 Rd8 46. d6 Rcc8 47. Rxb7+ Ke6 48. Re7# 1-0

[Event "EU-ch U12 26th"]
[Site "Prague"]
[Date "2016.08.24"]
[Round "6"]
[White "Vojta, Jakub"]
[Black "Kien, Clovis"]
[Result "1-0"]
[WhiteElo "1771"]
[BlackElo "1336"]
[PlyCount "41"]
[EventDate "2016.08.18"]
[EventType "swiss"]
[EventRounds "9"]
[EventCountry "CZE"]
[SourceTitle "CBM 174 Extra"]
[Source "ChessBase"]
[SourceDate "2016.10.10"]
[SourceVersion "1"]
[SourceVersionDate "2016.10.10"]
[SourceQuality "1"]

1. e4 Nf6 2. e5 Nd5 3. d4 d6 4. Nf3 Bg4 5. Be2 e6 6. 0-0 Be7 7. c4 Nb6 8. exd6 cxd6 9. Nc3 0-0 10. Be3 Nc6 11. b3 Qd7 12. Qd2 Rfd8 13. Rfc1 Rac8 14. a4 a5 15. d5 Nxc4 16. dxc6 Nxd2 17. cxd7 Nxf3+ 18. gxf3 Rxd7 19. fxg4 Bf6 20. Ne4 Rxc1+ 21. Rxc1 1-0

[Event "EU-ch U12 26th"]
[Site "Prague"]
[Date "2016.08.21"]
[Round "4"]
[White "Pajcin, Lav"]
[Black "Kien, Clovis"]
[Result "1-0"]
[WhiteElo "1735"]
[BlackElo "1336"]
[PlyCount "71"]
[EventDate "2016.08.18"]
[EventType "swiss"]
[EventRounds "9"]
[EventCountry "CZE"]
[SourceTitle "CBM 174 Extra"]
[Source "ChessBase"]
[SourceDate "2016.10.10"]
[SourceVersion "1"]
[SourceVersionDate "2016.10.10"]
[SourceQuality "1"]

1. e4 Nf6 2. e5 Nd5 3. c4 Nb6 4. c5 Nd5 5. Bc4 c6 6. Nc3 Qc7 7. d4 d6 8. cxd6 exd6 9. exd6 Qxd6 10. Nge2 Be6 11. Bd3 Be7 12. 0-0 Nd7 13. Ne4 Qc7 14. Bg5 N7f6 15. Nc5 0-0 16. Nxe6 fxe6 17. Bh4 Bd6 18. Bg3 Bxg3 19. Nxg3 Qb6 20. Bc4 Rae8 21. b3 e5 22. Nf5 Kh8 23. Nd6 Re6 24. dxe5 Rxe5 25. Bd3 Nc3 26. Qc2 Qb4 27. Nc4 Rd5 28. a3 Qb5 29. Qxc3 Rfd8 30. Bc2 Qc5 31. Qe3 Rd4 32. Rad1 Ng4 33. Rxd4 Qxd4 34. Qxd4 Rxd4 35. Rd1 Re4 36. Rd8+ 1-0

[Event "EU-ch U12 26th"]
[Site "Prague"]
[Date "2016.08.19"]
[Round "2"]
[White "Skypala, Ondrej"]
[Black "Kien, Clovis"]
[Result "1-0"]
[WhiteElo "1703"]
[BlackElo "1336"]
[PlyCount "51"]
[EventDate "2016.08.18"]
[EventType "swiss"]
[EventRounds "9"]
[EventCountry "CZE"]
[SourceTitle "CBM 174 Extra"]
[Source "ChessBase"]
[SourceDate "2016.10.10"]
[SourceVersion "1"]
[SourceVersionDate "2016.10.10"]
[SourceQuality "1"]

1. e4 Nf6 2. Nc3 e5 3. Nf3 Nc6 4. d4 exd4 5. Nxd4 Bb4 6. Nxc6 bxc6 7. Bd2 0-0 8. Bd3 Re8 9. 0-0 Bxc3 10. Bxc3 Nxe4 11. Bd4 c5 12. Bxg7 Kxg7 13. Bxe4 Rxe4 14. Qd5 Rb4 15. Qxa8 Rb7 16. Rfe1 c6 17. Re3 c4 18. Rg3+ Kh8 19. Re1 d5 20. Rge3 Rxb2 21. Re8+ Qxe8 22. Rxe8+ Kg7 23. h3 Bb7 24. Rg8+ Kh6 25. Qd8 Kh5 26. Qg5# 1-0

[Event "Daventry Stokes Cup U12"]
[Site "Daventry"]
[Date "2016.07.18"]
[Round "3.3"]
[White "Kien, Clovis"]
[Black "Watson, Mikey J"]
[Result "1-0"]
[WhiteElo "1298"]
[BlackElo "1494"]
[PlyCount "100"]
[EventDate "2016.07.18"]
[EventType "team-tourn"]
[EventRounds "5"]
[EventCountry "ENG"]
[SourceTitle "EXT 2020"]
[Source "ChessBase"]
[SourceDate "2019.10.17"]
[SourceVersion "1"]
[SourceVersionDate "2019.10.17"]
[SourceQuality "1"]
[WhiteTeam "France"]
[BlackTeam "England"]
[WhiteTeamCountry "FRA"]
[BlackTeamCountry "ENG"]

1. e4 e5 2. Nf3 Nc6 3. Bc4 Bc5 4. 0-0 Nf6 5. Nc3 0-0 6. d3 h6 7. Be3 Bb6 8. d4 exd4 9. Nxd4 Ne5 10. Be2 d5 11. exd5 Nxd5 12. Nxd5 Qxd5 13. Nb5 Qxd1 14. Raxd1 c6 15. Nd6 Bxe3 16. fxe3 Be6 17. Rd4 b6 18. Rfd1 c5 19. Re4 Nd7 20. Bf3 Rab8 21. Nb5 g5 22. Rxe6 fxe6 23. Rxd7 a6 24. Nc7 Rbd8 25. Rxd8 Rxd8 26. Nxe6 Rd2 27. Be4 Re2 28. Bd3 Rxe3 29. Nc7 b5 30. Nxa6 c4 31. Bf5 Re5 32. Bd7 Kf8 33. Nb8 b4 34. Na6 c3 35. bxc3 bxc3 36. Kf2 Rd5 37. Bh3 Rd2+ 38. Ke3 Rxc2 39. Nb4 Rb2 40. a3 h5 41. Bf5 Rxg2 42. h3 Rg3+ 43. Kf2 h4 44. a4 c2 45. Nxc2 Rc3 46. Ne3 Ra3 47. Bc2 Ke7 48. Kf3 Kf6 49. Ke4 Ke6 50. Nd1 Ra2 1-0

[Event "Rotterdam Basamro blitz op "]
[Site "Rotterdam"]
[Date "2015.10.24"]
[Round "4"]
[White "Wang, Susie"]
[Black "Kien, Clovis"]
[Result "1-0"]
[WhiteElo "1600"]
[BlackElo "1461"]
[PlyCount "119"]
[EventDate "2015.10.24"]
[EventType "swiss (blitz)"]
[EventRounds "8"]
[EventCountry "NED"]
[SourceTitle "EXT 2018"]
[Source "ChessBase"]
[SourceDate "2017.10.13"]
[SourceVersion "1"]
[SourceVersionDate "2017.10.13"]
[SourceQuality "1"]

1. e4 b6 2. d4 Bb7 3. Nc3 e6 4. Nf3 Bb4 5. Bd3 Nf6 6. e5 Nd5 7. Bd2 Nxc3 8. bxc3 Be7 9. 0-0 0-0 10. Bf4 d6 11. Qe2 Nd7 12. Rad1 c5 13. Rfe1 dxe5 14. dxe5 Rc8 15. Bb5 a6 16. Bxd7 Rc7 17. Ba4 Qc8 18. c4 Rd8 19. Bb3 a5 20. Rxd8+ Qxd8 21. Rd1 Qc8 22. Ba4 Ba6 23. Bb5 Bb7 24. Qd3 Qa8 25. Bg3 h6 26. Qe3 Bxf3 27. Qxf3 Qb8 28. Rd7 Rxd7 29. Bxd7 Qd8 30. Qc6 Bg5 31. Qc8 Qxc8 32. Bxc8 Kh7 33. f4 Bd8 34. Bf2 Kg6 35. Kf1 Kf5 36. g3 Kg4 37. Kg2 Kf5 38. Kf3 f6 39. exf6 Bxf6 40. g4+ Kg6 41. Bxe6 h5 42. Bf5+ Kf7 43. gxh5 Bd8 44. Bg6+ Kf6 45. f5 Kg5 46. Be3+ Kf6 47. Kf4 Bc7+ 48. Kg4 Bxh2 49. h6 gxh6 50. Bxh6 Be5 51. Bg5+ Kg7 52. Kf3 Bc7 53. Ke4 Bb8 54. Bd8 Ba7 55. Kd5 Kf8 56. f6 Kg8 57. Kc6 Kf8 58. Be7+ Kg8 59. f7+ Kg7 60. f8Q+ 1-0

[Event "NED-ch U11"]
[Site "Waalwijk"]
[Date "2015.04.03"]
[Round "2"]
[White "Kien, Clovis"]
[Black "Van Foreest, Machteld"]
[Result "0-1"]
[WhiteElo "1509"]
[BlackElo "1420"]
[PlyCount "136"]
[EventDate "2015.04.03"]
[EventType "swiss"]
[EventRounds "9"]
[EventCountry "NED"]
[SourceTitle "EXT 2016"]
[Source "ChessBase"]
[SourceDate "2015.10.08"]
[SourceVersion "1"]
[SourceVersionDate "2015.10.08"]
[SourceQuality "1"]

1. e4 e5 2. Nf3 Nc6 3. Bc4 Bc5 4. Nc3 Nf6 5. d3 d6 6. h3 Be6 7. Bg5 Bxc4 8. dxc4 h6 9. Bh4 g5 10. Bg3 Bb4 11. Qd3 Qd7 12. a3 Bxc3+ 13. bxc3 Qe6 14. Rb1 Na5 15. Nd2 h5 16. Rb4 h4 17. Bh2 g4 18. hxg4 Qxg4 19. Qf3 Qxf3 20. gxf3 Rg8 21. Bg1 h3 22. Kf1 Rh8 23. Bh2 Nh5 24. Rb5 b6 25. Bxe5 dxe5 26. Rxe5+ Kf8 27. Rxh3 Rd8 28. Nb1 Rd1+ 29. Ke2 Rxb1 30. Rhxh5 Rxh5 31. Rxh5 Nxc4 32. Rh8+ Ke7 33. Ra8 a5 34. Kd3 Nxa3 35. c4 Rb4 36. Kc3 Nxc4 37. Ra7 Kd6 38. f4 Kc6 39. e5 Na3 40. f5 Rf4 41. e6 fxe6 42. fxe6 Re4 43. Kb3 Nb5 44. Ra8 Rxe6 45. c4 Nd4+ 46. Kc3 Nf3 47. Rf8 Ng5 48. f4 Ne4+ 49. Kd4 Rf6 50. Rg8 Rxf4 51. Rg1 Nd6+ 52. Ke5 Rxc4 53. Rd1 a4 54. Ra1 b5 55. Ke6 Rc3 56. Ke5 a3 57. Kd4 b4 58. Ke5 Rc2 59. Rh1 a2 60. Ra1 b3 61. Kd4 b2 62. Rxa2 b1Q 63. Ra6+ Kd7 64. Ra5 Qd1+ 65. Ke3 Re2+ 66. Kf3 Qf1+ 67. Kg3 Rg2+ 68. Kh3 Qh1# 0-1